Elementary number theory with applications
Koshy's (Framingham State College) textbook is designed for an undergraduate course in number theory, for students majoring in mathematics and/or computer science at the sophomore/junior level. The text covers all the traditional topics in an undergraduate number theory course, emphasizing prob...
Gorde:
| Egile nagusia: | |
|---|---|
| Formatua: | Liburua |
| Hizkuntza: | Undetermined |
| Argitaratua: |
San Diego, Calif.
Harcourt/Academic Press
2002
|
| Gaiak: | |
| Etiketak: |
Etiketa erantsi
Etiketarik gabe, Izan zaitez lehena erregistro honi etiketa jartzen!
|
| Thư viện lưu trữ: | Trung tâm Học liệu Trường Đại học Cần Thơ |
|---|
| LEADER | 01186nam a2200205Ia 4500 | ||
|---|---|---|---|
| 001 | CTU_149933 | ||
| 008 | 210402s9999 xx 000 0 und d | ||
| 020 | |c 44.95 | ||
| 082 | |a 512.72 | ||
| 082 | |b K86 | ||
| 100 | |a Koshy, Thomas | ||
| 245 | 0 | |a Elementary number theory with applications | |
| 245 | 0 | |c Thomas Koshy | |
| 260 | |a San Diego, Calif. | ||
| 260 | |b Harcourt/Academic Press | ||
| 260 | |c 2002 | ||
| 520 | |a Koshy's (Framingham State College) textbook is designed for an undergraduate course in number theory, for students majoring in mathematics and/or computer science at the sophomore/junior level. The text covers all the traditional topics in an undergraduate number theory course, emphasizing problem-solving techniques, applications, pattern recognition, recursion, proof techniques, and numeric computations. Coverage includes figurate numbers and their geometric representations, Fibonacci and Lucas numbers, Fermat numbers, and the various classes of prime numbers. The text requires a strong background in college algebra | ||
| 650 | |a Number theory,Lý thuyết số | ||
| 904 | |i Duy Bằng | ||
| 980 | |a Trung tâm Học liệu Trường Đại học Cần Thơ | ||